LEADER 01373nam a2200241 4500 001 000000337484 003 CaOOAMICUS 005 20230329124916.0 008 191024s1788 it 000 u ita r 040 $aSeMil$bita 100 01$aBolgeni, Giovanni Vincenzo,$d<1733-1811>.$0(OLS)http://semarc/name/23348 245 00$aFatti dommatici ossia Della infallibilitą della Chiesa nel decidere sulla dottrina buona o cattiva de' libri Dissertazione di Gianvincenzo Bolgeni con appendice. Tomo 1. [-2.]. 264 1$aIn Brescia :$bDalle stampe Bossini,$c1788. 300 $a2 v. ;$c8° 500 $aFregio. sui front. in cornice xilogr. 650 4$aGiansenismo.$0(OLS)http://semarc/subject/2623 700 1 $aBossini, Giovanni Battista,$c.$0(OLS)http://semarc/name/11579 774 0 $aBolgeni, Giovanni Vincenzo <1733-1811>$tTomo 1.$dIn Brescia : Dalle stampe Bossini, 1788.$w()337485 774 0 $aBolgeni, Giovanni Vincenzo <1733-1811>$tTomo 2.$dIn Brescia : Dalle stampe Bossini, 1788.$w()337486 941 1 $a10 996 $6245$aFatti dommatici ossia Della infallibilitą della Chiesa nel decidere sulla dottrina buona o cattiva de' libri Dissertazione di Gianvincenzo Bolgeni con appendice. Tomo 1. [-2.]$9(OLS)http://semarc/title/426479 996 $6264$aIn Brescia :$bDalle stampe Bossini$9(OLS)http://semarc/publisher/58650 LEADER 00893nam a2200241 i 4500 001 000000257657 003 CaOOAMICUS 005 20180314000000.0 008 180314s1960 it u000 u ita u 013 $a236565 040 $aSeMil$bita 100 1 $aFrugoni, Arsenio,$d<1914-1970>.$0(OLS)http://semarc/name/9508 245 10$aStoria della citta in Italia /$cArsenio Frugoni. 260 $aTorino :$bERI,$c1960. 300 $a85 p. ;$c18 cm. 490 0 $aERI classe unica ;$v70 650 4$aFemminismo.$0(OLS)http://semarc/subject/6815 830 0$aERI classe unica ;$v70.$0(OLS)http://semarc/title/8387 850 $aSeMil 852 $aSeMil$W1$xVenegono$y1$m3W I 13$j208003$B208003$CSeMilBibl$Z2$F222270 $81 961 $aOmaggio: Altro 996 $6245$aStoria della citta in Italia$9(OLS)http://semarc/title/412995 996 $6260$aTorino :$bERI$9(OLS)http://semarc/publisher/31745